000 00655nam a2200253Ia 4500
001 Z_3166
003 CHAP
005 20221020094630.0
008 220113s1964 xx 000 0 und d
010 _a166274
040 _cCHAP
082 _a636.085 A27y
100 1 _aAbrams, John T.
_9306
245 _aNutrición animal y dietética veterinaria /
_cpor J. T. Abrams
260 _aZaragoza :
_bAcribia,
_c1964
300 _a988 p.
500 _atrad. De : Animal nutrition and veterinary dietetics
650 _aNutrición animal
_982275
901 _a636.085 A27Y
902 _aM
910 _a1964
942 _c1
_2ddc
942 _2ddc
999 _c166274
_d166274